<?xml version="1.0" encoding="UTF-8"?>
<marc:record xmlns:marc="http://www.loc.gov/MARC21/slim">
   <marc:leader>00000nam a2200000 a 4500</marc:leader>
   <marc:datafield ind1="1" ind2=" " tag="100">
      <marc:subfield code="a">Priestley, Chris</marc:subfield>
      <marc:subfield code="4">aut</marc:subfield>
      <marc:subfield code="e">Verfasser/-in</marc:subfield>
   </marc:datafield>
   <marc:datafield ind1="0" ind2="0" tag="245">
      <marc:subfield code="a">Wenn es kalt wird, erwachen die Geister</marc:subfield>
   </marc:datafield>
   <marc:datafield ind1="0" ind2="0" tag="245">
      <marc:subfield code="c">Chris Priestley ; aus dem Englischen von Julia Süßbrich</marc:subfield>
   </marc:datafield>
   <marc:datafield ind1=" " ind2="1" tag="264">
      <marc:subfield code="a">Weinheim</marc:subfield>
      <marc:subfield code="b">Beltz &amp; Gelberg</marc:subfield>
      <marc:subfield code="c">2022</marc:subfield>
   </marc:datafield>
   <marc:datafield ind1="1" ind2=" " tag="490">
      <marc:subfield code="a">Super lesbar</marc:subfield>
   </marc:datafield>
   <marc:datafield ind1="1" ind2=" " tag="520">
      <marc:subfield code="a">Quelle: bn.bibliotheksnachrichten (http://www.biblio.at/literatur/bn/index.html); #Autor: Angela Zemanek-Hackl; #Ein episodenhaftes Buch, das sich mit winterlichen Gruselerfahrungen beschäftigt. (ab 10) (JE)#Ein neuer Lehrer übernimmt den Sprachunterricht in Majas Klasse. Er stimmt die Kinder auf den Winter ein. Das Wetter, Eis, Schneemänner, Nebel und eventuelle schauerliche Ereignisse spielen dabei eine Rolle. Schließlich erzählen alle eine gruselige winterliche Geschichte. Seltsamerweise fühlt sich Maja in jede Schilderung hineingezogen, sie friert, wird verfolgt und dennoch: Am Ende kann sie sich jeweils retten. Schließlich liest sie ihre eigene Geschichte vor, was zu einem besonderen Erlebnis führt.#Selber lesen, dann macht es Spaß! Genau dies will die »Super lesbar«-Reihe vermitteln und es gelingt. Auch dieses Buch der Reihe ist ein Gewinn für jede Bibliothek.</marc:subfield>
   </marc:datafield>
   <marc:datafield ind1=" " ind2=" " tag="020">
      <marc:subfield code="a">9783407820082</marc:subfield>
      <marc:subfield code="9">9783407820082</marc:subfield>
   </marc:datafield>
   <marc:datafield ind1=" " ind2=" " tag="041">
      <marc:subfield code="a">ger</marc:subfield>
   </marc:datafield>
   <marc:datafield ind1=" " ind2=" " tag="300">
      <marc:subfield code="a">126 Seiten</marc:subfield>
   </marc:datafield>
</marc:record>
